00482nam a2200181Ia 4500003000400000008004100004040001600045082001600061100001700077245007000094700002200164260003400186300001000220650000900230650001300239650002500252650002300277GCL140319s9999 xx 000 0 eng d aGCL / cGCL04a759.44bB L1 aDEON, MICHEL10aLES LIEUX D'ORIGINE PLACES OF ORIGIN: BANCOMPAIN / cDEON, MICHEL1 aBORGEAUD, GEORGES a[S.N] : bFRAGMENTS ، c1997 a189 P04aARTS04aPAINTING04aPAINTERS - BIOGRAPHY04aBONCOMPAIN, PIERRE